<?xml version="1.0" encoding="UTF-8"?>
<record
    xmlns:xsi="http://www.w3.org/2001/XMLSchema-instance"
    xsi:schemaLocation="http://www.loc.gov/MARC21/slim http://www.loc.gov/standards/marcxml/schema/MARC21slim.xsd"
    xmlns="http://www.loc.gov/MARC21/slim">

  <leader>00664nam a22001817a 4500</leader>
  <controlfield tag="005">20231012104931.0</controlfield>
  <controlfield tag="008">231012b        sa ||||| |||| 00| 0 eng d</controlfield>
  <datafield tag="020" ind1=" " ind2=" ">
    <subfield code="a">9781928337690</subfield>
    <subfield code="q">pbk</subfield>
  </datafield>
  <datafield tag="040" ind1=" " ind2=" ">
    <subfield code="a">RDA</subfield>
    <subfield code="c">3228</subfield>
  </datafield>
  <datafield tag="082" ind1=" " ind2=" ">
    <subfield code="2">23</subfield>
    <subfield code="a">916.0433 MOGO</subfield>
  </datafield>
  <datafield tag="100" ind1=" " ind2=" ">
    <subfield code="a">Mogoatlhe, Lerato</subfield>
    <subfield code="9">182713</subfield>
  </datafield>
  <datafield tag="245" ind1=" " ind2=" ">
    <subfield code="a">Vagabond: Wandering through Africa on faith /</subfield>
  </datafield>
  <datafield tag="260" ind1=" " ind2=" ">
    <subfield code="a">Auckland Park, South Africa;</subfield>
    <subfield code="b">BlackBird Books;</subfield>
    <subfield code="c">2019.</subfield>
  </datafield>
  <datafield tag="300" ind1=" " ind2=" ">
    <subfield code="a">vii, 285 pages;</subfield>
    <subfield code="b">colour pictures;</subfield>
    <subfield code="c">23 cm.</subfield>
  </datafield>
  <datafield tag="521" ind1=" " ind2=" ">
    <subfield code="b">title of the book</subfield>
  </datafield>
  <datafield tag="650" ind1=" " ind2=" ">
    <subfield code="a">Mogoatlhe, Lerato&#x2014;Travel&#x2014;Africa;  Africa&#x2014;Description and travel; Travel memoir</subfield>
    <subfield code="z">Auckland Park, South Africa</subfield>
    <subfield code="9">182714</subfield>
  </datafield>
  <datafield tag="942" ind1=" " ind2=" ">
    <subfield code="2">ddc</subfield>
    <subfield code="c">BOOK</subfield>
    <subfield code="w">378</subfield>
    <subfield code="x">Patrick Mahlalela</subfield>
    <subfield code="y">378</subfield>
    <subfield code="z">Patrick Mahlalela</subfield>
  </datafield>
  <datafield tag="999" ind1=" " ind2=" ">
    <subfield code="c">758433</subfield>
    <subfield code="d">758432</subfield>
  </datafield>
  <datafield tag="952" ind1=" " ind2=" ">
    <subfield code="0">0</subfield>
    <subfield code="1">0</subfield>
    <subfield code="2">ddc</subfield>
    <subfield code="4">0</subfield>
    <subfield code="7">0</subfield>
    <subfield code="8">900</subfield>
    <subfield code="a">STANRL</subfield>
    <subfield code="b">NTHOL</subfield>
    <subfield code="c">GEN</subfield>
    <subfield code="d">2023-10-12</subfield>
    <subfield code="g">280.00</subfield>
    <subfield code="l">0</subfield>
    <subfield code="o">916.0433 MOGO</subfield>
    <subfield code="p">33228031012944</subfield>
    <subfield code="r">2023-10-12</subfield>
    <subfield code="w">2023-10-12</subfield>
    <subfield code="y">BOOK</subfield>
  </datafield>
  <datafield tag="952" ind1=" " ind2=" ">
    <subfield code="0">0</subfield>
    <subfield code="1">0</subfield>
    <subfield code="2">ddc</subfield>
    <subfield code="4">0</subfield>
    <subfield code="7">0</subfield>
    <subfield code="8">900</subfield>
    <subfield code="a">STANRL</subfield>
    <subfield code="b">THUTL</subfield>
    <subfield code="c">GEN</subfield>
    <subfield code="d">2023-10-26</subfield>
    <subfield code="g">280.00</subfield>
    <subfield code="l">0</subfield>
    <subfield code="o">916.0433 MOGO</subfield>
    <subfield code="p">33228031007318</subfield>
    <subfield code="r">2023-10-26</subfield>
    <subfield code="w">2023-10-26</subfield>
    <subfield code="y">BOOK</subfield>
  </datafield>
  <datafield tag="952" ind1=" " ind2=" ">
    <subfield code="0">0</subfield>
    <subfield code="1">0</subfield>
    <subfield code="2">ddc</subfield>
    <subfield code="4">0</subfield>
    <subfield code="7">0</subfield>
    <subfield code="8">900</subfield>
    <subfield code="a">SILIL</subfield>
    <subfield code="b">SILIL</subfield>
    <subfield code="c">GEN</subfield>
    <subfield code="d">2023-10-12</subfield>
    <subfield code="g">280.00</subfield>
    <subfield code="l">0</subfield>
    <subfield code="o">916.0433 MOGO</subfield>
    <subfield code="p">3322803175690</subfield>
    <subfield code="r">2024-11-25</subfield>
    <subfield code="w">2023-10-12</subfield>
    <subfield code="y">BOOK</subfield>
  </datafield>
</record>
